01245nas a2200229 4545000010006000000050017000060080037000230030015000600400040000750800064001152450092001792640109002713100310003800410008006901000087006987000020007856500017008056500028008226500021008506500041008718560103009122962020260407193508.0260407s1984####ag###########|||spa#dAR-UNSa-BCEJYS aAR-UNSa-BCEJYSbspacAR-UNSa-BCEJYS a657-051xProfesional en Ciencias Económicas (Contador...)10aRevista de la Federación Argentina de Consejos Profesionales de Ciencias Económicas 1aBuenos Aires :bFACPCE (Federación Argentina de Consejos Profesionales de Ciencias Económicas)c1984 aFrecuencia: Trimestral A partir del cambio de título en la publicación "Boletín FACPCE", la frecuencia es irregular A partir del Nº 9 Cambia de título por "Temas" A partir del año 1998 cambia de título por "Boletín FACPCE" A partir del año 2007 cambia de título por "Imagen Profesional" aspa1 aFederación Argentina de Consejos Profesionales de Ciencias Económicas (FACPCE)1 aIrizar, Ignacio aCONTABILIDAD aFormación profesional aNormas Contables aPROFESIONALES DE CIENCIAS ECONOMICAS41uhttps://biblioeco.unsa.edu.ar/pmb/images/revistas/FACPCE-r14335.jpgyImagen de portadaqimage/jpeg